000 00399nam a2200145Ia 4500
008 211109s9999||||xx |||||||||||||| ||und||
082 _a821
_bMIL-P
100 _aMilton, John
245 0 _aPoetical Works of John Milton
260 _bMacmillan
_aLondon
_c1925
300 _a621p.
630 _xGeneral Stack
650 _aEnglish & Old English literatures
_vEnglish poetry
_xLiterature
942 _cBOOK
999 _c2210
_d2210